Max Ernst /

Documental realizado con motivo del centario del nacimiento de Max Ernst (1891-1976). Al mismo tiempo que se presenta una biografía del pintor alemán, se analizan las influencias y relaciones artísticas que mantuvo en Alemania con el grupo vanguardista El Jinete Azul y con los dadaístas, y en París,...

Celý popis

Uloženo v:
Podrobná bibliografie
Hlavní autor: Schamoni, Peter (realización)
Další autoři: Schamoni, Peter (guión) (guión), Hirsch, Ernst (fotógrafo) (fotógrafo), Rosenwanger, Peter (fotógrafo) (fotógrafo), Schamoni, Victor (fotógrafo) (fotógrafo), Powell, Robert (actuación) (actuación), Marinker, Peter (actuación) (actuación), Joy, Linda (actuación) (actuación)
Médium: Video
Jazyk:angličtina
Edice:(Artes Visuales)
(Videoteca Universal CONACULTA)
Témata:
Tagy: Přidat tag
Žádné tagy, Buďte první, kdo vytvoří štítek k tomuto záznamu!

MARC

LEADER 00000ngm^a2200000^a^4500
001 000114046
005 20250521000000.0
009 20260310094003.98
037 |a Acervo ITESO - Biblioteca 
041 |a ING 
082 |a 759. 3  |b SCH 
100 |a Schamoni, Peter  |e (realización) 
245 1 0 |a Max Ernst /  |c Realización de P. Schamoni. 
264 |a Munich, Alemania :  |b Peter Schamoni-Film ;  |a México :  |b CONACULTA [dist.] :  |b Canal 22 [dist.],  |c 1991 
300 |a 1 videocasete VHS  |c (101 min.) 
336 |a imagen móvil bidimensional  |b tdi  |2 rdacontenido 
337 |a video  |b v  |2 rdamedio 
338 |a videocasete  |b vf  |2 rdasoporte 
440 1 |a (Artes Visuales) 
440 1 |a (Videoteca Universal CONACULTA) 
500 |a Traducción de: Max Ernst 
520 |a Documental realizado con motivo del centario del nacimiento de Max Ernst (1891-1976). Al mismo tiempo que se presenta una biografía del pintor alemán, se analizan las influencias y relaciones artísticas que mantuvo en Alemania con el grupo vanguardista El Jinete Azul y con los dadaístas, y en París, con el surrealismo. 
545 0 |a Pintor, grabador, autor de collages y escultor, el alemán Max Ernst nació en Brühl en 1891 y comenzó a estudiar Filosofía y Psicología en la Universidad de Bonn, pero su fascinación por el arte que producían los enfermos mentales le condujo a la pintura. Reveló su espíritu surrealista con la pintura Inmortalidad, expuesta en 1913 en el Primer Salón de Otoño de Berlín, y después de la Primera Guerra Mundial se instaló en Colonia, donde junto con su amigo Hans Arp (1886-1966) encabezó el movimiento dadaísta. Establecido en París en 1924, Ernst se unió en 1924 al surrealismo, aunque para entonces ya había pintado algunas obras que se consideran piezas maestras de esta corriente, como El elefante de Célebes (1921). Sus collages también mostraban imágenes irracionales y fantásticas, en parte inspiradas en sus recuerdos infantiles, y en 1935 incursionó en la escultura, campo en el que trabajó seriamente, aunque de modo intermitente. Abandonó el grupo surrealista en 1938, pero la ruptura no afectó su obra, desde el punto de vista estilístico. Encarcelado en 1939, tras el estallido de la Segunda Guerra Mundial, Ernst terminó por huir a Estados Unidos, donde radicó de 1941 a 1953, y nuevamente volvió a Francia. Reconocido con el primer premio de la Bienal de Venecia en 1954, el creador alemán comenzó a disfrutar una época de honores en su edad madura, a la vez que su estilo se tornaba más lírico y abstracto. Fallecido en 1976 en París, mantuvo a lo largo de su vida relaciones amorosas con la historiadora del arte Louise Strauss, Marie-Berthe Aurenche, la pintora surrealista Leonora Carrington, la marchante de arte Peggy Gugenheim y la también pintora surrealista Dorothea Tanning. 
546 |a Doblaje al inglés, con subtítulos en español 
649 |a XX 
650 |a Pintores Alemanes -  |x Biografías 
650 |a Artistas Alemanes -  |x Biografías 
650 |a Dadaísmo 
650 |a Surrealismo 
650 |a Pintura Alemana -  |x Historia y Crítica 
650 |a Arte Alemán -  |x Historia y Crítica 
650 |a Arte Moderno -  |x Historia y Crítica 
650 |a Ernst, Max -  |x Tema Principal 
700 |a Schamoni, Peter  |e (guión) 
700 |a Hirsch, Ernst  |e (fotógrafo) 
700 |a Rosenwanger, Peter  |e (fotógrafo) 
700 |a Schamoni, Victor  |e (fotógrafo) 
700 |a Powell, Robert  |e (actuación) 
700 |a Marinker, Peter  |e (actuación) 
700 |a Joy, Linda  |e (actuación) 
910 |a Fondo General 
920 |a Audiovisuales - Videocasetes 
905 |a 301 
901 |a 0500047676  |b IT2  |c VIS  |u 20250521 
902 |a https://opac.biblio.iteso.mx/vufind/Record/000114046